ბათუმის შოთა რუსთაველის სახელმწიფო უნივერსიტეტის ბიბლიოთეკა

Duden, Reden gut und richtig halten!: / (ბიბ.ჩანაწერი № 63341)

000 -LEADER
fixed length control field 00602nam a22001577a 4500
005 - DATE AND TIME OF LATEST TRANSACTION
control field 20250919153713.0
008 - FIXED-LENGTH DATA ELEMENTS--GENERAL INFORMATION
fixed length control field 250919s1994 gw ||||| |||| 00| 0 goh d
020 ## - INTERNATIONAL STANDARD BOOK NUMBER
International Standard Book Number 9783411046812x
041 ## - LANGUAGE CODE
Language code of text/sound track or separate title goh
080 ## - UNIVERSAL DECIMAL CLASSIFICATION NUMBER
Universal Decimal Classification number 81'112.2'36 D-84
245 ## - TITLE STATEMENT
Title Duden, Reden gut und richtig halten!: /
Remainder of title Ratgeber für wirkungsvolles und modernes Reden.
264 ## - PRODUCTION, PUBLICATION, DISTRIBUTION, MANUFACTURE, AND COPYRIGHT NOTICE
Place of production, publication, distribution, manufacture Munnhein
Name of producer, publisher, distributor, manufacturer Dudenverlag,
Date of production, publication, distribution, manufacture, or copyright notice 1994.
300 ## - PHYSICAL DESCRIPTION
Extent 698 p.;
Other physical details 23 cm.
653 ## - INDEX TERM--UNCONTROLLED
keyword ეფექტური და თანამედროვე მეტყველების სახელმძღვანელო
942 ## - ADDED ENTRY ELEMENTS (KOHA)
Source of classification or shelving scheme
Koha item type წიგნი
ეგზემპლარები
Withdrawn status Lost status Source of classification or shelving scheme Damaged status Not for loan Permanent Location Current Location Shelving location Date acquired Cost, normal purchase price Full call number Barcode Date last seen Copy number Price effective from Koha item type Public note
          ბათუმის შოთა რუსთაველის სახელმწიფო უნივერსიტეტის მთავარი ბიბლიოთეკა ბათუმის შოთა რუსთაველის სახელმწიფო უნივერსიტეტის მთავარი ბიბლიოთეკა წიგნსაცავი 2025-09-19 10.00 81'112.2'36 D-84 72368 2025-09-19 72368 2025-09-19 წიგნი 10 ლ.